Las aventuras de Tom Sawyer

Guardat en:
Dades bibliogràfiques
Autor principal: Twain, Mark (Autor)
Format: Llibre
Idioma:espanyol
Publicat: Santiago Zig-Zag 1979
Col·lecció:Colección juvenil Zig-Zag
Matèries:
Etiquetes: Afegir etiqueta
Sense etiquetes, Sigues el primer a etiquetar aquest registre!

MARC

LEADER 00000nam a2200000 a 4500
001 UCZ0159
003 CL-VaPUC
008 950724e19790100CL |||||||||||||||||spa|d
082 0 4 |a 813  |b TWA  |2 21 
100 0 |a Twain, Mark  |e author  |9 243 
245 1 4 |a Las aventuras de Tom Sawyer 
300 |a 192 p 
942 |c BK 
945 |d 19950724 00:00:00  |a lriquelm 
260 |a Santiago  |b Zig-Zag  |c 1979 
650 0 |a Novelas estadounidenses  |9 265217 
650 0 |a Literatura estadounidense  |9 317168 
650 0 |a Formas y géneros literarios  |9 324031 
583 |a last modification  |c 19950724 00:00:00  |k Rodrigo Vera 
490 0 |a Colección juvenil Zig-Zag 
999 |c 237124  |d 237122 
952 |0 0  |1 0  |4 0  |6 813_000000000000000_TWA_1979  |7 0  |8 A  |9 245922  |a BIBEDU  |b BIBEDU  |d 2019-11-18  |i 1534629  |o 813 TWA 1979  |p 1534629  |r 2019-11-18  |w 2019-11-18  |y BK  |k EDU